| 000 | 00507nam a2200157 a 4500 | ||
|---|---|---|---|
| 005 | 20140414131854.0 | ||
| 008 | 100807s19uu xx 00 eng d | ||
| 050 |
_aM 520 _bG35 1992 |
||
| 100 | _aGibbons, Gail | ||
| 245 | _aStargazers. | ||
| 260 |
_aNew York : _bScholastic, _c1992. |
||
| 520 | _aTells what stars are, why they twinkle, how constellations were named, how telescopes are used to study stars, and more. | ||
| 650 | _aAstronomy --Juvenile literature. | ||
| 650 | _aStars. | ||
| 999 |
_c110343 _d110343 |
||